000 00514nam a2200181Ia 4500
001 60513
008 080105n2016 ii |||gr||||Z||||||465
020 _a9788193218099
082 _a510
100 _aKumar, Romesh,
_eAuthor.
245 0 _aPradeeps new course Mathematics XII, Vol-II
_cby Romesh Kumar
_hTextual Documents
250 _a30th ed.
260 _aPunjab
_bPradeep Publications
_c2016
300 _aVol-II, 897pg:
_bIlls.;
_c27cm.
653 _aMathematics
653 _aG-Mathematics
942 _2ddc
_cBK
999 _c61644
_d61644